Statistics for Guess The Kpop Group By The Title Song

Click here to take the quiz!

General Stats

  • This quiz has been taken 1,000 times
  • The average score is 16 of 42

Answer Stats

HintAnswer% Correct
Like Ooh AhhTwice
91%
RookieRed Velvet
80%
CoffeeBTS
78%
Haru HaruBig Bang
75%
Twenty FourEXO
73%
Fire TruckNCT 127
68%
StayBlack Pink
66%
Pick MeI.O.I
61%
MovieBTOB
55%
FingertipGfriend
52%
Don't RecallK.A.R.D
51%
Excuse MeAOA
48%
My First and LastNCT Dream
47%
Smile FlowerSeventeen
47%
MagicSuper Junior
46%
Wee WooPristin
45%
Goodbye2ne1
44%
ToyBlock B
42%
Why So LonelyWonder Girls
42%
BeautifulMonsta X
39%
Mamma MiaKARA
35%
Nu AboF(X)
34%
Plz Don't Be SadHighlight
33%
Wake Me UpB.A.P
30%
Cause You're My StarApink
29%
RoarSF9
27%
DarlingGirl's Day
22%
FineTaeyeon
22%
ConfenssionAstro
21%
I'll Be2PM
20%
Hey Mama !CBX
20%
Love LetterVIXX
19%
WoW !Lovelyz
18%
Can You Feel ItPentagon
16%
AingOh My Girl
14%
It's a LieB1A4
9%
Between UsCNBlue
8%
Eyez EyezVicton
7%
Last GoodbyeAKMU
6%
Black or WhiteCross Gene
6%
Winter StoryLaboum
5%
HustleRomeo
0%

Score Distribution

Percentile by Number Answered

Percent of People with Each Score

Your Score History

You have not taken this quiz